Statistics for Things That Start With S

Click here to take the quiz!

General Stats

  • This quiz has been taken 118 times
    (96 since last reset)
  • The average score is 13 of 15

Answer Stats

Clue Object % Correct
Found On The Beach And You Can Make Castles With ItSand
100%
Animal That Is Long And SlitherySnake
99%
A Dish That Is Hot Water With Ingredients And FlaouveringSoup
99%
Spiderman, Superman And Batman Are A What?Superhero
98%
Things That Go On Your Feet Before You Put Shoes OnSocks
96%
An Slimy Creature That Is Like A Slug But In A ShellSnail
95%
Sweet Substance Used In Coca Cola, Lollies etcSugar
93%
Found On The Beach, Green In Colour And Is A Plant In The OceanSeaweed
85%
A Piece Of Clothing You Wear On Your Upper BodyShirt
84%
Animal That Is Slime But Has No ShellSlug
78%
A Sport Performed On Water In A Boat That Has A Sail On ItSailing
77%
You Sit On It In Class, At A Table etcSeat
75%
Type Of Shoe, A Bit Like ThongsSandals
70%
Something People Eat With Bread On Each End And Topping In The MiddleSandwich
69%
Usually Used On Hot Chips And Other Hot FoodsSalt
43%

Score Distribution

Percentile by Number Answered

Percent of People with Each Score

Your Score History

You have not taken this quiz since the last reset